000 00534cam a2200145 4500500
005 20260201082605.0
041 _afre
042 _adc
100 1 0 _aMoreau de Bellaing, Louis
_eauthor
245 0 0 _aPatrick Cingolani, La précarité, Paris, PUF, coll. « Que sais-je ? », 2005.
260 _c2005.
500 _a3
786 0 _nL'Homme & la Société | 156-157 | 2 | 2005-06-01 | p. 199g-216g | 0018-4306
856 4 1 _uhttps://shs.cairn.info/revue-l-homme-et-la-societe-2005-2-page-199g?lang=fr&redirect-ssocas=7080
999 _c1640297
_d1640297